1641 1714 1340 1751 1985 1931 1917 1353 1774 1501 1137 1370 1699 1532 1045 1523 1974 1011 1364 1749 1513 1272 1036 1800 1884 1901 1961 1736 1993 1880 1221 1724 1638 1508 1498 1350 1936 1441 1248 1783 1543 1152 1954 1163 1157 1984 1445 1572 1443 1085 1336 1952 1057 1245 1635 1437 1712 1681 1479 1612 1887 1013 1302 1414 1666 1686 1935 1274 1031 1298 1548 1843 1325 1925 1367 1440 1131 1584 1038 1179 1497 1707 1504 1423 1501 1201 1456 1308 1567 1586 1769 1187 1479 1334 1769 1222 1379 1696 1911 BCNSPRNW ULIB Ver.6.0+V

เปลี่ยนเป็นภาษาไทย

Change to English
 แสดงรายละเอียดบรรณานุกรม
  กลับหน้าหลัก

Brief Record : Get Marc (ISO 2709) : E-mail record : QR code < ปิดหน้าต่าง
LEADER : 00000nam 2200000uu 4500
001    13399122711
003     ULIB
008    020711s2555 th a 000 0 tha d
020    9789742473716
050  4 DS520^bป526ร
100    ปัณณภัทร
245    เราคืออาเซียน-- มาเลเซีย /^cปัณณภัทร
250    พิมพ์ครั้งที่ 4
260    กรุงเทพฯ :^bอมรินทร์คอมมิกส์,^c2555
300    61 หน้า
440  0 ชุด เราคืออาเซียน
650  7 ประชาคมอาเซียน
650  7 อาเซียน
650  7 มาเลเซีย
945    ^p75^l0^i20150
999    ^aทศพร เกษรทอง
รายการนี้ยังไม่มีแท็ก
คุณยังไม่ได้ล็อกอิน คุณสามารถมีกิจกรรมร่วมกับเว็บไซต์ได้ แต่ต้องล็อกอินก่อน ::
  ล็อกอิน

รายการสื่อสารสนเทศ

ลำดับที่ ประเภท เลขเรียก/บาร์โค้ด สถานที่ สถานะ
1. การศึกษาทั่วไป
การศึกษาทั่วไป
DS520 ป526ร ฉ.1 
  Barcode: 20150
ห้องสมุดวิทยาเขตนครสวรรค์
►หนังสือทั่วไป:l:General Books
บนชั้น

รายการใกล้เคียง
    ผู้แต่ง [ปัณณภัทร]

    หัวเรื่อง [ประชาคมอาเซียน]
    หัวเรื่อง [อาเซียน]
    หัวเรื่อง [มาเลเซีย]

BibComment


ยังไม่เคยถูกคอมเมนท์

คอมเมนท์ทรัพยากรรายการนี้
  คอมเมนท์: เราคืออาเซียน มาเ..


 Copyright 2026. Bcnsprnw @Library